| 000 | 00328nam a2200121Ia 4500 | ||
|---|---|---|---|
| 008 | 190216s9999||||xx |||||||||||||| ||und|| | ||
| 100 | _aPatsy H Lund & Barbara A Hayden | ||
| 245 | 0 | _aUnderstanding And Using Wordstar4.0 | |
| 260 |
_bJaico Publishing House _c1996 |
||
| 300 | _a172p | ||
| 650 | _aComputer Science | ||
| 942 | _cBK | ||
| 999 |
_c8634 _d8634 |
||